Progressively Harder Islands on a Map - Statistics

General Stats
  • This quiz has been taken 490 times
  • The average score is 27 of 50
Answers on the Map
Answers color-coded by a green-red scale on the quiz's map according to % correct below.
 
Answer Stats
Difficulty Answer % Correct
1 Great Britain
99%
4 Cuba
98%
2 Greenland
98%
3 Ireland
97%
5 Madagascar
96%
6 Sicily
95%
9 Cyprus
92%
8 Sri Lanka
92%
7 Tasmania
91%
11 Malta
88%
12 Bahrain
84%
13 Borneo
81%
15 Crete
81%
14 Singapore
78%
18 Hawai'i
71%
21 Trinidad
71%
10 Honshu
70%
23 Mauritius
69%
24 Nauru
67%
17 Hispaniola
66%
19 Newfoundland
66%
20 Long Island
63%
26 Mallorca
61%
22 Vancouver Island
61%
16 Baffin
59%
25 Easter Island
59%
27 Sulawesi
56%
28 Luzon
54%
33 Malé
51%
32 Madeira
47%
29 Isla Grande de Tierra del Fuego
45%
31 Alcatraz
43%
37 Jeju
43%
34 Socotra
43%
30 Ellesmere Island
39%
36 Mindanao
37%
35 Gran Canaria
35%
39 Shikoku
34%
38 East Falkland
31%
40 Banks Island
25%
41 Euboea
18%
42 Flores
18%
45 Kangaroo Island
16%
44 Severny
13%
43 Viti Levu
13%
46 Salsette
9%
48 Chiloé Island
8%
47 Marajó
8%
49 Disko Island
5%
50 Oak Island
2%
No matching quizzes found
Score Distribution
Percent of People with Each Score
Percentile by Number Answered
Your Score History
You have not taken this quiz